000
00328nam a22001337a 4500
008
170607b xxu||||| |||| 00| 0 eng d
020
_a
0824785908
041
_a
eng
080
_a
328
100
_a
18
101
_a
SH[P
245
_a
PERSONE; MANAGMNET IN GOVERNMENT POLITICS AND PROCESS
_c
SHAFRITZ.J.M
942
_2
udc
_c
BK
999
_c
16308
_d
16308